[Event "South Moravia Region-chT 2223"]
[Site "Czech Republic"]
[Date "2022.10.09"]
[Round "1.8"]
[White "Prokop, Jiri"]
[Black "Cerulik, Lukas"]
[Result "1-0"]
[WhiteElo "1591"]
[BlackElo "1512"]
[PlyCount "83"]
[EventDate "2022.10.09"]
[EventType "team-tourn"]
[EventRounds "11"]
[EventCountry "CZE"]
[SourceTitle "EXT 2024"]
[Source "ChessBase"]
[SourceDate "2023.10.10"]
[SourceVersion "1"]
[SourceVersionDate "2023.10.10"]
[SourceQuality "1"]

1. f4 Nf6 2. Nf3 e6 3. d4 Be7 4. e3 0-0 5. Bd3 d5 6. 0-0 b6 7. Qe2 c5 8. c3 Bb7 9. Nbd2 Nbd7 10. Ne5 a6 11. a4 b5 12. Nxd7 Nxd7 13. Nf3 Nf6 14. Ne5 c4 15. Bc2 b4 16. cxb4 Bxb4 17. Bd2 Qa5 18. Bxb4 Qxb4 19. Rfd1 Rab8 20. Rab1 Ba8 21. g4 Qd6 22. g5 Nd7 23. Ng4 f5 24. gxf6 Nxf6 25. Nxf6+ Rxf6 26. Kh1 Qe7 27. Rg1 g6 28. Qh5 Kf8 29. Bxg6 Rxg6 30. Rxg6 Qf7 31. Qh6+ Ke8 32. Rxe6+ Kd7 33. Rxa6 Qe7 34. Qh3+ Kd8 35. Qe6 Qxe6 36. Rxe6 c3 37. b3 c2 38. Rc1 Rc8 39. Kg1 Bb7 40. Kf1 Kd7 41. Rb6 Bc6 42. Ke1 1-0

[Event "Brno Trade op"]
[Site "Brno"]
[Date "2021.09.01"]
[Round "5"]
[White "Kuncicka, Klara1111"]
[Black "Prokop, Jiri"]
[Result "1/2-1/2"]
[WhiteElo "1279"]
[BlackElo "1684"]
[PlyCount "98"]
[EventDate "2021.08.29"]
[EventType "swiss"]
[EventRounds "9"]
[EventCountry "CZE"]
[SourceTitle "CBM 204 Extra"]
[Source "ChessBase"]
[SourceDate "2021.11.30"]
[SourceVersion "1"]
[SourceVersionDate "2021.11.30"]
[SourceQuality "1"]

1. e4 d6 2. Nc3 Nf6 3. Nf3 g6 4. d4 c6 5. Be3 Bg7 6. Qd2 0-0 7. 0-0-0 Qc7 8. h3 e6 9. e5 dxe5 10. dxe5 Nd5 11. Nxd5 cxd5 12. Bh6 Nc6 13. Bxg7 Kxg7 14. Qf4 Qe7 15. h4 f6 16. Qe3 fxe5 17. Nxe5 Nxe5 18. Qxe5+ Qf6 19. f4 Qxe5 20. fxe5 Rf7 21. Re1 Bd7 22. Bd3 Rf2 23. Ref1 Raf8 24. g4 h6 25. g5 h5 26. Rxf2 Rxf2 27. Rf1 Rxf1+ 28. Bxf1 Kf7 29. Kd2 Ke7 30. Kc3 a5 31. Kd4 b6 32. Bd3 Be8 33. a3 Kd8 34. c4 dxc4 35. Kxc4 Kc7 36. Be4 Kd8 37. b4 axb4 38. Kxb4 Kc7 39. a4 Bf7 40. a5 bxa5+ 41. Kxa5 Be8 42. Bd3 Kb7 43. Bb5 Bc6 44. Bd3 Be8 45. Be4+ Kc7 46. Bd3 Kb7 47. Be4+ Kc7 48. Bd3 Kb7 49. Be4+ Kc7 1/2-1/2

[Event "Brno Trade op"]
[Site "Brno"]
[Date "2021.08.30"]
[Round "3"]
[White "Sojka, Oldrich"]
[Black "Prokop, Jiri"]
[Result "1-0"]
[WhiteElo "1417"]
[BlackElo "1684"]
[PlyCount "99"]
[EventDate "2021.08.29"]
[EventType "swiss"]
[EventRounds "9"]
[EventCountry "CZE"]
[SourceTitle "CBM 204 Extra"]
[Source "ChessBase"]
[SourceDate "2021.11.30"]
[SourceVersion "1"]
[SourceVersionDate "2021.11.30"]
[SourceQuality "1"]

1. e4 d6 2. Bc4 Nf6 3. d3 g6 4. Nc3 c6 5. a3 Bg7 6. Nf3 0-0 7. Bg5 Qc7 8. Qd2 e5 9. h4 h5 10. Bh6 b5 11. Ba2 a5 12. Qg5 Kh7 13. Bxg7 Kxg7 14. Nd1 Nh7 15. Qg3 Nd7 16. Ne3 Ndf6 17. Nf5+ Kh8 18. Ne3 Ng4 19. Ng5 Nxg5 20. Nxg4 Nxe4 21. dxe4 Bxg4 22. f3 Bc8 23. Qg5 Kg7 24. 0-0-0 Be6 25. Bxe6 fxe6 26. g4 Rh8 27. Rhg1 Qd8 28. gxh5 Qxg5+ 29. Rxg5 Rad8 30. Rxg6+ Kf7 31. Rg5 Rhg8 32. h6 Kf6 33. Rdg1 Rxg5 34. hxg5+ Kg6 35. Kd2 Rf8 36. Ke3 d5 37. c3 c5 38. exd5 exd5 39. Rg4 Rf5 40. f4 exf4+ 41. Kf3 a4 42. Rg2 Rf7 43. Rg4 Rf5 44. Rg2 Rf7 45. Rg4 Rf5 46. Rg2 d4 47. Rh2 Kh7 48. g6+ Kh8 49. g7+ Kh7 50. Rg2 1-0

[Event "Brno Duras op-A"]
[Site "Brno"]
[Date "2014.07.05"]
[Round "8"]
[White "Prokop, Jiri"]
[Black "Feldvabl, Vilem"]
[Result "1-0"]
[WhiteElo "1727"]
[BlackElo "1736"]
[PlyCount "39"]
[EventDate "2014.06.28"]
[EventType "swiss"]
[EventRounds "9"]
[EventCountry "CZE"]
[SourceTitle "CBM 161 Extra"]
[Source "ChessBase"]
[SourceDate "2014.08.29"]
[SourceVersion "1"]
[SourceVersionDate "2014.08.29"]
[SourceQuality "1"]

1. f4 b6 2. e4 e5 3. Nf3 exf4 4. d4 Bb7 5. Bd3 Be7 6. 0-0 d5 7. Nc3 dxe4 8. Bxe4 Bxe4 9. Nxe4 Qd5 10. Re1 Nd7 11. Bxf4 0-0-0 12. c4 Qa5 13. a3 f6 14. Nc3 g5 15. Bg3 Bd6 16. Bxd6 cxd6 17. Nb5 Nf8 18. d5 Kd7 19. Nfd4 Qa6 20. Qg4+ 1-0

[Event "Brno Duras op-A"]
[Site "Brno"]
[Date "2014.07.04"]
[Round "7"]
[White "Sojka, Oldrich"]
[Black "Prokop, Jiri"]
[Result "1-0"]
[WhiteElo "1606"]
[BlackElo "1727"]
[PlyCount "119"]
[EventDate "2014.06.28"]
[EventType "swiss"]
[EventRounds "9"]
[EventCountry "CZE"]
[SourceTitle "CBM 161 Extra"]
[Source "ChessBase"]
[SourceDate "2014.08.29"]
[SourceVersion "1"]
[SourceVersionDate "2014.08.29"]
[SourceQuality "1"]

1. e4 d6 2. Bc4 g6 3. Nc3 Bg7 4. Nf3 e6 5. d3 c6 6. a3 d5 7. exd5 cxd5 8. Ba2 a6 9. Bg5 Qa5 10. Bd2 Qc7 11. h3 Ne7 12. Qc1 Nbc6 13. Bf4 Qd8 14. Bg5 b5 15. Ne2 Bb7 16. d4 Rc8 17. c3 Qb6 18. 0-0 Nf5 19. Qd2 Nd6 20. Ng3 0-0 21. Rae1 Rce8 22. Bh6 Ne7 23. Ne5 Qc7 24. Ng4 f5 25. Bxg7 Kxg7 26. Qh6+ Kh8 27. Ne5 Rf6 28. Bb1 Ng8 29. Qf4 Qd8 30. h4 Ne4 31. f3 Nxg3 32. Qxg3 Nh6 33. Qg5 Nf7 34. Nxf7+ Rxf7 35. Qxd8 Rxd8 36. Rxe6 Bc8 37. Re5 Kg7 38. Rfe1 Rdd7 39. Ba2 Bb7 40. f4 Kf8 41. Re8+ Kg7 42. Bb1 h5 43. R8e5 Kf8 44. Re8+ Kg7 45. Ba2 Rf8 46. R8e7+ Rxe7 47. Rxe7+ Rf7 48. Re5 Rd7 49. Kf2 Kf6 50. Ke2 Bc6 51. g3 a5 52. b3 a4 53. Kd3 Re7 54. bxa4 Rxe5 55. dxe5+ Ke6 56. axb5 Bxb5+ 57. Kd4 Bc6 58. Kc5 Ba8 59. a4 Bb7 60. a5 1-0

[Event "Brno Duras op-A"]
[Site "Brno"]
[Date "2013.06.24"]
[Round "3"]
[White "Prokop, Jiri"]
[Black "Glacner, Karel"]
[Result "1/2-1/2"]
[WhiteElo "1850"]
[BlackElo "1575"]
[PlyCount "141"]
[EventDate "2013.06.22"]
[EventType "swiss"]
[EventRounds "9"]
[EventCountry "CZE"]
[SourceTitle "CBM 155 Extra"]
[Source "ChessBase"]
[SourceDate "2013.08.26"]
[SourceVersion "1"]
[SourceVersionDate "2013.08.26"]
[SourceQuality "1"]

1. f4 d5 2. Nf3 Nf6 3. e3 e6 4. b3 Bd6 5. Bb2 c5 6. c4 a6 7. Qc2 b6 8. Bd3 h6 9. 0-0 Nc6 10. a3 g5 11. Ne5 Bxe5 12. fxe5 Ng4 13. cxd5 Ncxe5 14. Be2 Qd6 15. g3 exd5 16. Qd1 h5 17. Bf3 Bb7 18. Nc3 0-0-0 19. Na4 Rh6 20. Bxg4+ Nxg4 21. Rxf7 Rd7 22. Rxd7 Qxd7 23. Qf3 Re6 24. Qf8+ Kc7 25. Rf1 Re8 26. Qf5 Qxf5 27. Rxf5 d4 28. h3 dxe3 29. dxe3 Nxe3 30. Be5+ Kc6 31. Rxg5 Bc8 32. h4 Nf5 33. Bf4 Nd4 34. Rg6+ Ne6 35. Nc3 Rd8 36. Kf2 Rd3 37. Be5 Rd2+ 38. Ke3 Rb2 39. Kd3 Rxb3 40. a4 Rb2 41. Rg8 Kd7 42. Ne4 Rb3+ 43. Kd2 Bb7 44. Nf6+ Kc6 45. Re8 Nd4 46. Nxh5 c4 47. Bxd4 Rd3+ 48. Kc2 Rxd4 49. Kc3 Rg4 50. Re6+ Kc5 51. Re5+ Bd5 52. Rg5 Rxg5 53. hxg5 Be4 54. Nf4 Bf5 55. g6 b5 56. axb5 axb5 57. g7 Bh7 58. Ne6+ Kd5 59. Nf4+ Kc6 60. Ne6 Kd6 61. Nd4 Kc5 62. Nc2 Bg8 63. g4 Kd6 64. Ne3 Kc6 65. Nc2 Kd5 66. g5 Kc5 67. Nb4 Kd6 68. Kd4 Ke7 69. Nc6+ Kf7 70. Na7 Kxg7 71. Nxb5 1/2-1/2

[Event "Brno Duras op-A"]
[Site "Brno"]
[Date "2013.06.22"]
[Round "1"]
[White "Prokop, Jiri"]
[Black "Majer, Jiri"]
[Result "0-1"]
[WhiteElo "1850"]
[BlackElo "2024"]
[PlyCount "94"]
[EventDate "2013.06.22"]
[EventType "swiss"]
[EventRounds "9"]
[EventCountry "CZE"]
[SourceTitle "CBM 155 Extra"]
[Source "ChessBase"]
[SourceDate "2013.08.26"]
[SourceVersion "1"]
[SourceVersionDate "2013.08.26"]
[SourceQuality "1"]

1. f4 d5 2. Nf3 g6 3. d4 Nf6 4. e3 Bg7 5. Bd3 c5 6. c3 b6 7. 0-0 0-0 8. Ne5 Ba6 9. Bxa6 Nxa6 10. Qe2 Nc7 11. Nd2 e6 12. Ndf3 Ne4 13. Bd2 Qe7 14. Be1 f6 15. Nd3 Qd7 16. Nf2 Qc6 17. Nd2 Nxd2 18. Bxd2 f5 19. Be1 c4 20. Kh1 Ne8 21. Nh3 Nf6 22. Bh4 Ne4 23. Nf2 Rf7 24. Nxe4 fxe4 25. g4 Raf8 26. Kg2 b5 27. a3 a5 28. Bg3 Qb6 29. Qc2 Ra8 30. Ra2 Bf8 31. Rfa1 Rfa7 32. b4 cxb3 33. Qxb3 a4 34. Qb2 Qc6 35. Be1 Qc4 36. Qe2 Rb7 37. h4 Bd6 38. Kf2 Rf8 39. Kg2 h6 40. Rb2 Rff7 41. Kg3 g5 42. hxg5 hxg5 43. Qxc4 gxf4+ 44. exf4 Bxf4+ 45. Kg2 bxc4 46. Rab1 Rb3 47. Rxb3 axb3 0-1